El hombre y el Estado /

Gespeichert in:
Bibliographische Detailangaben
1. Verfasser: González Luna, Efraín (autor)
Format: Buch
Sprache:Spanisch
Veröffentlicht: México : Partido Acción Nacional, fecha no identificada
Tags: Tag hinzufügen
Keine Tags, Fügen Sie das erste Tag hinzu!

MARC

LEADER 00000nam^a2200000^a^4500
001 000561531
005 20250521000000.0
009 20260310131926.534
037 |a Acervo ITESO - Biblioteca 
041 |a ESP 
091 |a FGM. 01529 
100 |a González Luna, Efraín  |e (autor) 
245 1 3 |a El hombre y el Estado / 
264 1 |a México :  |b Partido Acción Nacional,  |c fecha no identificada 
300 |a 54 p. 
336 |a texto  |b txt  |2 rdacontenido 
337 |a sin mediación  |b n  |2 rdamedio 
338 |a volumen  |b nc  |2 rdasoporte 
649 |a XX 
910 |a Fondo Efraín González Morfín 
920 |a Impresos - Libros 
930 |a Fondos Especiales 
905 |a 130 
901 |a 0500386697  |b IT2  |c ESL  |i D89383  |u 20250521 
901 |a 0500393692  |b IT2  |c ESL  |i D95939  |u 20250521 
901 |a 0500392375  |b IT2  |c ESL  |i D91877  |u 20250521 
901 |a 0500392378  |b IT2  |c ESL  |i D91884  |u 20250521 
901 |a 0500392381  |b IT2  |c ESL  |i D91885  |u 20250521 
902 |a https://opac.biblio.iteso.mx/vufind/Record/000561531